00453nam a2200109Ia 4500008004100000100002900041245013900070260003900209300001200248650001500260856006800275160712s9999 xx 000 0 und d aBorja, Daniel Vincent H. cDaniel Vincent H. BorjaaEffect of Auditor Choice and Tenure on the Cost of Equity Capital of Selected Listed Firms in the Philippines c2015bPhilippine Management Review avol. 22 xMANAGEMENT uhttp://journals.upd.edu.ph/index.php/pmr/issue/view/476/showToc